Niñez y adolescencia : psicología de la persona que crece /

Guardado en:
Autor Principal: Stone, L Joséph
Formato: Libro
Publicado: Buenos Aires : Horme, 1967
Edición:4a. ed.
Materias:
Etiquetas: Agregar Etiqueta
Sin Etiquetas, Sea el primero en etiquetar este registro!
LEADER 00742nam a22001935a 4500
001 CEM.cems006083
005 20060214000000.0
008 130507s1967##################000#0#####d
003 CEMS
082 0 4 |a 136.7 
100 1 |a Stone, L Joséph 
245 1 0 |a Niñez y adolescencia :  |b psicología de la persona que crece / 
250 |a 4a. ed. 
260 |a Buenos Aires :  |b Horme,  |c 1967 
300 |a 484 p. 
505 0 |a Conozcamonos a nosotros mismos;padres, profesores y alumnos en sus relaciónes humanas;el papel del profesor en la educación;pequeno vocabulario de psicología para padres y profesores. 
653 |a Psicología de la adolescencia 
653 |a Psicología del niño 
859 |a CEMS  |b BIB. CEMS - 11 de abril  |h 136.7  |i St71a4  |p 6195.77  |t Ej.1